Welcome to WEB OPAC of MRSPTU Central Library

Metropolitan Governance: Cases of Ahmedabad and Hyderbad (Record no. 6055)

MARC details
000 -LEADER
fixed length control field 00409nam a2200157Ia 4500
008 - FIXED-LENGTH DATA ELEMENTS--GENERAL INFORMATION
fixed length control field 230711s9999||||xx |||||||||||||| ||und||
041 ## - LANGUAGE CODE
Language code of text/sound track or separate title ENG
082 ## - DEWEY DECIMAL CLASSIFICATION NUMBER
Classification number 320.954
Item number YA-M
100 ## - MAIN ENTRY--PERSONAL NAME
Personal name Yadav, Vinita
245 #0 - TITLE STATEMENT
Title Metropolitan Governance: Cases of Ahmedabad and Hyderbad
250 ## - EDITION STATEMENT
Edition statement 1st Ed.
260 ## - PUBLICATION, DISTRIBUTION, ETC.
Date of publication, distribution, etc. 2014
Place of publication, distribution, etc. Ghaziabad
Name of publisher, distributor, etc. Copal Publishing Group
300 ## - PHYSICAL DESCRIPTION
Extent 302p.
650 ## - SUBJECT ADDED ENTRY--TOPICAL TERM
Topical term or geographic name entry element Architecture
942 ## - ADDED ENTRY ELEMENTS (KOHA)
Koha item type Book
Holdings
Withdrawn status Lost status Damaged status Not for loan Collection Home library Current library Shelving location Date acquired Total checkouts Full call number Barcode Date last seen Price effective from Koha item type
          MRSPTU Central Library MRSPTU Central Library       320.954 YA-M 33206 08/17/2023 08/17/2023 Book
          MRSPTU Central Library MRSPTU Central Library       320.954 YA-M 33207 08/17/2023 08/17/2023 Book

Website Designed and Developed by MRSPTU Central Library Team

E-mail Id: librarian@mrsptu.ac.in